00223nam a2200097Ia 4500008004100000082001200041100001800053245003500071260000900106300001000115190415s9999 xx 000 0 und d aRK.0123 aKataria, M.S. 0aLivestock geography of Haryana c1977 a162p.